<?xml version="1.0" encoding="UTF-8"?><?xml-stylesheet type="text/xsl" href="static/style.xsl"?><OAI-PMH xmlns="http://www.openarchives.org/OAI/2.0/" xmlns:xsi="http://www.w3.org/2001/XMLSchema-instance" xsi:schemaLocation="http://www.openarchives.org/OAI/2.0/ http://www.openarchives.org/OAI/2.0/OAI-PMH.xsd"><responseDate>2026-04-27T03:42:38Z</responseDate><request verb="GetRecord" identifier="oai:repisalud.isciii.es:20.500.12105/12941" metadataPrefix="marc">https://repisalud.isciii.es/rest/oai/request</request><GetRecord><record><header><identifier>oai:repisalud.isciii.es:20.500.12105/12941</identifier><datestamp>2025-05-16T10:39:42Z</datestamp><setSpec>com_20.500.12105_2052</setSpec><setSpec>com_20.500.12105_2051</setSpec><setSpec>col_20.500.12105_19609</setSpec></header><metadata><record xmlns="http://www.loc.gov/MARC21/slim" xmlns:dcterms="http://purl.org/dc/terms/" xmlns:doc="http://www.lyncode.com/xoai" xmlns:xsi="http://www.w3.org/2001/XMLSchema-instance" xsi:schemaLocation="http://www.loc.gov/MARC21/slim http://www.loc.gov/standards/marcxml/schema/MARC21slim.xsd">
   <leader>00925njm 22002777a 4500</leader>
   <datafield ind2=" " ind1=" " tag="042">
      <subfield code="a">dc</subfield>
   </datafield>
   <datafield ind2=" " ind1=" " tag="720">
      <subfield code="a">Echevarria, Jose Manuel</subfield>
      <subfield code="e">author</subfield>
   </datafield>
   <datafield ind2=" " ind1=" " tag="720">
      <subfield code="a">Leon-Rega, Pilar</subfield>
      <subfield code="e">author</subfield>
   </datafield>
   <datafield ind2=" " ind1=" " tag="260">
      <subfield code="c">2003</subfield>
   </datafield>
   <datafield ind2=" " ind1=" " tag="520">
      <subfield code="a">[EN] On the last twenty years, viral hepatitis has emerged as a serious problem in almost all the Amerindian communities studied in the Amazon Basin and in other Amazon-related ecological systems from the North and Center of South America. Studies performed on communities from Bolivia, Brazil, Colombia, Peru and Venezuela have shown a high endemicity of the hepatitis B virus (HBV) infection all over the region, which is frequently associated to a high prevalence of infection by hepatitis D virus among the chronic HBV carriers. Circulation of both agents responds mainly to horizontal virus transmission during childhood through mechanisms that are not fully understood. By contrast, infection by hepatitis C virus (HCV), which is present in all the urban areas of South America, is still very uncommon among them. At the moment, there is not data enough to evaluate properly the true incidence that such endemicity may have on the health of the populations affected. Since viral transmission might be operated by mechanisms that could not be acting in other areas of the World, it seems essential to investigate such mechanisms and to prevent the introduction of HCV into these populations, which consequences for health could be very serious. [ES] A lo largo de los últimos veinte años, las hepatitis víricas se han revelado como un importante problema para las comunidades indígenas de la cuenca amazónica y de otros ecosistemas similares del norte y centro de Sudamérica. Los estudios realizados en comunidades de Bolivia, Brasil, Colombia, Perú y Venezuela han demostrado una alta propensión endémica para la infección por el virus de la hepatitis B, que se asocia con frecuencia a una elevada prevalencia de coinfección con el virus de la hepatitis D entre los portadores crónicos. La circulación de ambos agentes responde a su transmisión horizontal durante la infancia, a través de mecanismos aún poco conocidos. Por el contrario, la infección por el virus de la hepatitis C es aún muy infrecuente entre los indígenas. No existen, por el momento, datos suficientes para evaluar el impacto real que esta endemia pueda tener sobre la salud de esas poblaciones. Considerando que la transmisión de estos agentes podría involucrar mecanismos que quizá no actúen en otras regiones, parece indispensable investigar dichos mecanismos y prevenir cuidadosamente la introducción del virus de la hepatitis C en esas comunidades, ya que las consecuencias para su salud podrían ser muy graves.</subfield>
   </datafield>
   <datafield ind1="8" ind2=" " tag="024">
      <subfield code="a">Cad Saude Publica. Nov-Dec 2003;19(6):1583-91.</subfield>
   </datafield>
   <datafield ind1="8" ind2=" " tag="024">
      <subfield code="a">0102-311X</subfield>
   </datafield>
   <datafield ind1="8" ind2=" " tag="024">
      <subfield code="a">http://hdl.handle.net/20.500.12105/12941</subfield>
   </datafield>
   <datafield ind1="8" ind2=" " tag="024">
      <subfield code="a">14999325</subfield>
   </datafield>
   <datafield ind1="8" ind2=" " tag="024">
      <subfield code="a">10.1590/s0102-311x2003000600003</subfield>
   </datafield>
   <datafield ind1="8" ind2=" " tag="024">
      <subfield code="a">Cadernos de Saude Publica</subfield>
   </datafield>
   <datafield tag="653" ind2=" " ind1=" ">
      <subfield code="a">Viral Hepatitis</subfield>
   </datafield>
   <datafield tag="653" ind2=" " ind1=" ">
      <subfield code="a">South American Indians</subfield>
   </datafield>
   <datafield tag="653" ind2=" " ind1=" ">
      <subfield code="a">Amazonian Ecosystem</subfield>
   </datafield>
   <datafield tag="653" ind2=" " ind1=" ">
      <subfield code="a">Hepatitis Viral</subfield>
   </datafield>
   <datafield tag="653" ind2=" " ind1=" ">
      <subfield code="a">Hepatitis</subfield>
   </datafield>
   <datafield tag="653" ind2=" " ind1=" ">
      <subfield code="a">Indios Sudamericanos</subfield>
   </datafield>
   <datafield tag="653" ind2=" " ind1=" ">
      <subfield code="a">Ecosistema Amazónico</subfield>
   </datafield>
   <datafield ind2="0" ind1="0" tag="245">
      <subfield code="a">Epidemiology of viruses causing chronic hepatitis among populations from the Amazon Basin and related ecosystems.</subfield>
   </datafield>
</record></metadata></record></GetRecord></OAI-PMH>